Biblioteca

La fuerza de la No-violencia (Registro nro. 39584)

Detalles MARC
000 -LÍDER
Campo fijo de descripción fija 01280aam a2200313 i 4500
001 - NÚMERO DE CONTROL
Campo de control 768714001
003 - IDENTIFICADOR DEL NÚMERO DE CONTROL
Campo de control CO-MdFUSB
005 - FECHA Y HORA DE LA ULTIMA TRANSACCIÓN
control field 20210916161702.0
007 - CAMPO FIJO DE DESCRIPCIÓN FIJA--INFORMACIÓN GENERAL
Campo fijo de descripción fija ta
008 - ELEMENTOS DE LONGITUD FIJA -- INFORMACIÓN GENERAL
Campo fijo de descripción fija -- Información general 210916t1944 ag |||| |||| 00| 0 spa d
020 ## - NÚMERO INTERNACIONAL NORMALIZADO PARA LIBROS
Número Internacional Normalizado del libro [No incluye ISBN]
040 ## - FUENTE DE CATALOGACIÓN
Idioma de catalogación spa.
Agencia de catalogación original CO-MdFUSB
Agencia que realiza la transcripción CO-MdFUSB
Agencia que realiza la modificación CO-MdFUSBC
Convenciones de la descripción rda
041 ## - CÓDIGO DE IDIOMA
Código de idioma para texto/pista de sonido o título separado spa
Código de idioma original eng
082 04 - NÚMERO DE CLASIFICACIÓN DECIMAL DEWEY
Número de clasificación 355.22
Número de la edición del Dewey 23
Clave de autor-Numero de item G8191f
100 1# - ASIENTO PRINCIPAL--NOMBRE PERSONAL
Nombre personal Gregg, Richard B. (Bartlett) (1885-)
Término relacionador autor
240 ## - TITULO UNIFORME
Título uniforme <a href="The power of non-violence">The power of non-violence</a>
245 #3 - TÍTULO
Título del Material La fuerza de la No-violencia
Mención de responsabilidad, etc. / Richard B. Gregg
264 #0 - PRODUCCIÓN, PUBLICACIÓN, DISTRIBUCIÓN, MANUFACTURA, Y COPYRIGHT
Lugar de producción, publicación, distribución, manufactura Buenos Aires, Argentina :
Nombre del productor, publicador, distribuidor La Aurora,
Fecha de producción, publicación, distribución, manufactura, o copyright [1944]
300 ## - DESCRIPCIÓN FÍSICA
Extensión 217 páginas
Dimensiones ; 20 cm
336 ## - TIPO DE CONTENIDO
Fuente rdacontent
Término de tipo de contenido texto
Código de tipo de contenido txt
337 ## - TIPO DE MEDIO
Fuente rdamedia
Nombre del tipo de medio sin mediación
Código del tipo de medio n
338 ## - TIPO DE SOPORTE
Fuente rdacarrier
Nombre del tipo de soporte volumen
Código Tipo de soporte nc
505 ## - NOTA DE CONTENIDO
Nota de contenido con formato preestablecido Casos modernos de resistencia no -violenta. -- Jiu-jitsu moral. -- Lo que sucede. -- Cómo utilizar la energía moral. -- ¿Cómo puede lograrse la no-violencia de las masas? -- ¿Cómo opera la resistencia no -violenta de las masas? --Un sustituto eficaz para las guerras. -- La no-violencia y el estado. -- La persuasión. -- De la necesidad de adiestramiento. -- El adiestramiento.
563 ## - NOTA DE ENCUADERNACIÓN
Nota de encuadernación Rústico
653 ## - TÉRMINO DE INDIZACIÓN - NO CONTROLADO
Término no controlado No violencia
653 ## - TÉRMINO DE INDIZACIÓN - NO CONTROLADO
Término no controlado Pacifismo
942 ## - TIPO DE MATERIAL (KOHA)
Tipo de Item KOHA Libros General
945 ## - INFORMACIÓN LOCAL DEL REGISTRO
Catalogador JTF-925
Existencias
Estado de Material Estado de Perdido Forma de Clasificación Estado de Dañado No para Préstamo Colección Tomo Biblioteca de Origen Biblioteca Permanente Fecha de Adquisición Total de Préstamos Signatura Topográfica Código de Barras Última vez visto Ejemplar/Existencia Fecha de Remplazo Tipo de Material
    Dewey Decimal Classification     Colección General   Biblioteca FUSBC Biblioteca FUSBC 20/01/2005   G 355.22 G8191f 9211 12/12/2019 1 26/01/2016 Libros General

Biblioteca FUSBC | Teléfono: (57+4) 349 88 10 Ext. 141| WhatsApp (+57) 3005338115 
E-mail: biblioteca@unisbc.edu.co | Calle 76 87-14 Robledo Palenque, Medellín, Colombia

Con tecnología Koha